000 00687cam a22002411 4500
001 6297
003 BD-RjUL
005 20211208234223.0
008 140109s1965 nyu b 000 0 eng
035 _a(BD-RjUL)6337
035 _a(OCoLC)192976
040 _aDLC
_cODefC
_dOCoLC
_dODaWU
_dOCoLC
_dDLC
_dBD-RjUL
_beng
041 _aeng
082 0 0 _a361.3
_bWER 1965
100 1 _aWerner, Harold D.
_919812
245 1 2 _aA rational approach to social casework
_cby Harold D. Werner.
260 _aNew York :
_bAssociation Press
_c1965.
300 _a160 p. ;
_c21 cm.
504 _aIncludes bibliographies.
650 0 _aSocial case work.
_919813
942 _2ddc
_cBK
999 _c6297
_d6297